London Underground Lines - Statistics

General Stats
  • This quiz has been taken 128 times
    67 since last reset
  • The average score is 10 of 12
Answer Stats
Line % Correct
District
93%
Northern
93%
Piccadilly
93%
Bakerloo
91%
Central
91%
Circle
91%
Victoria
89%
Jubilee
86%
Metropolitan
82%
Hammersmith & City
77%
Elizabeth
73%
Waterloo & City
70%
No matching quizzes found
Score Distribution
Percent of People with Each Score
Percentile by Number Answered
Your Score History
You have not taken this quiz since the last reset